| 000 | 01072cam a2200337 a 4500 | ||
|---|---|---|---|
| 001 | 22508 | ||
| 003 | SK-KTurca | ||
| 005 | 20260330151736.0 | ||
| 008 | 240314s2014 xo g 000 f slo | ||
| 015 | _aSNBA2014/03 | ||
| 020 |
_a9788055137605 _q(viaz.) |
||
| 035 | _a5C25153A-6547-4EFF-A622-F112F53ADD23 | ||
| 035 | _aurn:nbn:sk:snk-am3h5lf | ||
| 035 | _aurn:nbn:sk:snk-am008yfm | ||
| 040 |
_aTTKJF _bslo _cTTKJF _dPPPK _dSNK _eAACR2 |
||
| 041 | 1 |
_aslo _heng |
|
| 044 |
_axo _cSK |
||
| 072 | 7 |
_a821.111-3 _xAnglická próza, anglicky písaná _2konspekt |
|
| 080 |
_a821.111-31 _22001 |
||
| 100 | 1 |
_aTaylor, Sarah, _d1976- _4aut |
|
| 240 | 1 | 0 |
_aFor the love of Nadia _lSlovensky |
| 245 | 1 | 0 |
_aZ lásky k Nadii _cSarah Taylorová ; preložila Elvíra Haugová |
| 250 | _a[1. vyd.] | ||
| 260 |
_aBratislava _bIkar _c2014 |
||
| 300 |
_a228 s. _c21 cm |
||
| 655 | 7 |
_aanglické romány _2SNKPH |
|
| 655 | 7 |
_aEnglish fiction _2SNKPHeng |
|
| 700 | 1 |
_aHaugová, Elvíra, _d1972- _4trl |
|
| 942 |
_2ddc _cKLDO _n0 |
||
| 999 |
_c22508 _d22508 |
||